Ťahanovčanov potešili veľkonočné trhy

Bibliographic Details
Format: Article
Language:Slovak
PhysicalDescription:Fotogr.
ISSN:1335-4566
Subjects:

MARC

LEADER 00000nab a2200000 a 4500
001 vtls008408540
003 SK-MaSNL
005 20260303070106.0
008 051109c20050321xo drz 0 0slo
038 |a KEVKJB 
040 |a KEVKJB  |b slo  |c KEVKJB  |e AACR2 
041 0 |a slo 
044 |a xo  |c SK 
080 |a 339.146  |2 UDC-MRF-SK2 
245 0 0 |a Ťahanovčanov potešili veľkonočné trhy  |c [autor] (sam) 
300 |b Fotogr. 
611 2 7 |a Veľkonočné trhy  |d 2005  |c Košice-Ťahanovce (sídlisko), Slovensko  |2 kevkjb  |9 1067059 
650 0 7 |a trhy  |2 kevkjb  |9 2373 
651 7 |a Košice (Slovensko)  |2 kevkjb  |9 18694 
651 7 |a Ťahanovce (Košice I, Slovensko)  |2 kevkjb  |9 168684 
773 0 |t Košický denník Korzár  |g Roč. VIII, č. 66 (21.3.2005), s. 3  |x 1335-4566 
852 |a KEVKJB  |b KIS3GCP 
999 |c 1753917  |d 1755847